[Event "OSREDNJA SLOVENSKA LIGA 2025"]
[Site "gostovanja"]
[Date "2025.11.20"]
[Round "9.4"]
[White "Mirtic, Lovro"]
[Black "Suhadolnik, Jernej"]
[Result "0-1"]
[WhiteElo "1879"]
[BlackElo "1887"]
[PlyCount "31"]
[EventDate "2025.09.18"]
[WhiteTeam "SK VISNJA GORA 2"]
[BlackTeam "SK TRZIN BUSCOTRADE"]

1. d4 b5 2. e4 Bb7 3. Nd2 a6 4. b3 g5 5. Ngf3 g4 6. Ne5 h5 7. f3 d6 8. Nd3 Bg7
9. Bb2 Nf6 10. Qe2 Qd7 11. d5 c6 12. c4 cxd5 13. exd5 e6 14. fxg4 hxg4 15. Qf2
Rh6 16. Qe3 {kmet iz e vzame kmeta na d5 - nemogoèa poteza (34)} 0-1

[Event "OSREDNJA SLOVENSKA LIGA 2025"]
[Site "gostovanja"]
[Date "2025.11.20"]
[Round "9.4"]
[White "Skube, Zan"]
[Black "Miceli, Dario Edgardo"]
[Result "1-0"]
[WhiteElo "1835"]
[BlackElo "1756"]
[PlyCount "179"]
[EventDate "2025.09.18"]
[WhiteTeam "SK TRZIN BUSCOTRADE"]
[BlackTeam "SK VISNJA GORA 2"]

1. c4 e5 2. g3 d6 3. Nc3 Be6 4. Bg2 c6 5. d3 f5 6. Nf3 h6 7. Nh4 Ne7 8. e4 f4
9. Bf3 Bf7 10. Ng2 g5 11. Bh5 Ng6 12. g4 Rg8 13. Qe2 Nd7 14. b3 Nc5 15. Bb2 Ne6
16. Bxg6 Rxg6 17. Nb1 a5 18. Na3 h5 19. h3 a4 20. b4 d5 21. Nc2 d4 22. a3 Rh6
23. Kd2 Qf6 24. f3 Be7 25. Rag1 O-O-O 26. Nge1 Rdh8 27. b5 cxb5 28. cxb5 hxg4
29. fxg4 Rxh3 30. Rxh3 Rxh3 31. Kc1 Nc7 32. Qd2 Qb6 33. Nb4 Qxb5 34. Nec2 Na6
35. Qg2 Rg3 36. Qh1 Rxg1+ 37. Qxg1 Bxb4 38. axb4 Qxd3 39. Qh2 Qxe4 40. Qh8+ Kc7
41. Qg7 Qd5 42. Qxg5 Nb8 43. Qg7 Nd7 44. Ne1 Qe6 45. g5 Qg6 46. Qh6 Kd6 47. Nf3
b5 48. Qh3 Qd3 49. Qxd7+ Kxd7 50. Nxe5+ Ke6 51. Nxd3 Kf5 52. Kd2 Bc4 53. Nf2
Kxg5 54. Bxd4 Kf5 55. Kc3 a3 56. Kd2 Ke6 57. Ba1 Kd5 58. Bf6 Bf1 59. Kc3 Bc4
60. Kc2 Bf1 61. Kb3 a2 62. Kxa2 Kc4 63. Be7 Kd4 64. Kb2 Ke3 65. Ng4+ Ke2 66.
Bc5 Bh3 67. Nf2 Bf5 68. Kc3 f3 69. Kd4 Bc2 70. Ke5 Bb3 71. Ke4 Bc4 72. Kf4 Bd5
73. Kg3 Bc6 74. Nh3 Kf1 75. Ng1 Ke1 76. Nxf3+ Kd1 77. Nd4 Be8 78. Kf3 Kd2 79.
Ke4 Bd7 80. Kd5 Kc3 81. Kd6 Be8 82. Ke7 Bh5 83. Nxb5+ Kc4 84. Nc7 Bf3 85. Kd6
Bg2 86. b5 Bb7 87. b6 Bf3 88. Ne6 Bh1 89. Kc7 Bg2 90. Bf2 1-0

[Event "OSREDNJA SLOVENSKA LIGA 2025"]
[Site "gostovanja"]
[Date "2025.11.20"]
[Round "9.5"]
[White "Lanjscek, Miha"]
[Black "Ivanec, Dezider"]
[Result "0-1"]
[WhiteElo "1842"]
[BlackElo "2032"]
[PlyCount "88"]
[EventDate "2025.09.18"]
[WhiteTeam "SK TRZIN"]
[BlackTeam "DRUSTVO KPSRD KAREL JERAJ"]

1. d4 Nf6 2. c4 e6 3. Nc3 Bb4 4. Qc2 Nc6 5. Nf3 b6 6. e4 d6 7. a3 Bxc3+ 8. bxc3
e5 9. d5 Na5 10. Bg5 h6 11. Bh4 O-O 12. Bd3 Nb7 13. O-O Nc5 14. Nd2 g5 15. Bg3
Bd7 16. a4 a5 17. f3 Qe8 18. Bf2 Bxa4 19. Qb1 Bd7 20. h4 Nh5 21. hxg5 hxg5 22.
Bxc5 dxc5 23. Bc2 Kg7 24. Kf2 Rh8 25. g3 Qe7 26. Rh1 Qf6 27. Nf1 Rh6 28. Ne3
Rah8 29. Qg1 g4 30. Bd1 Kf8 31. Be2 Ng7 32. Qg2 Rh3 33. Rxh3 gxh3 34. Qh2 Ne8
35. d6 Nxd6 36. Nd5 Qd8 37. g4 f6 38. g5 fxg5 39. Qxe5 Nf7 40. Qg3 c6 41. Ne3
Qf6 42. Rd1 Ne5 43. Rxd7 Nxd7 44. Ng4 Qf4 0-1

[Event "OSREDNJA SLOVENSKA LIGA 2025"]
[Site "gostovanja"]
[Date "2025.11.20"]
[Round "9.5"]
[White "Kodela, Matjaz"]
[Black "Konvalinka, Kostja"]
[Result "1-0"]
[WhiteElo "1971"]
[BlackElo "1704"]
[PlyCount "57"]
[EventDate "2025.09.18"]
[WhiteTeam "DRUSTVO KPSRD KAREL JERAJ"]
[BlackTeam "SK TRZIN"]

1. d4 Nf6 2. Nf3 e6 3. e3 d5 4. Bd3 c5 5. O-O Nc6 6. b3 cxd4 7. exd4 Be7 8. Bb2
O-O 9. a3 a6 10. Nbd2 Bd7 11. Qe2 Rc8 12. Ne5 Re8 13. Ndf3 h6 14. Rfe1 Bf8 15.
Rab1 b5 16. Ra1 Rb8 17. Nxc6 Bxc6 18. Ne5 Qc7 19. Bc1 h5 20. Bf4 Bd6 21. Nxc6
Bxf4 22. Nxb8 Bxh2+ 23. Kh1 Rxb8 24. g3 Bxg3 25. fxg3 Qxg3 26. Rg1 Qh3+ 27. Qh2
Qf3+ 28. Rg2 Ng4 29. Qxb8# 1-0

[Event "OSREDNJA SLOVENSKA LIGA 2025"]
[Site "gostovanja"]
[Date "2025.11.20"]
[Round "9.5"]
[White "Banko, Franci"]
[Black "Stimec, Marjan"]
[Result "0-1"]
[WhiteElo "1628"]
[BlackElo "1842"]
[PlyCount "106"]
[EventDate "2025.09.18"]
[WhiteTeam "SK TRZIN"]
[BlackTeam "DRUSTVO KPSRD KAREL JERAJ"]

1. e4 d6 2. Nf3 c6 3. Be2 Qc7 4. d4 Nd7 5. O-O Ngf6 6. Nc3 e5 7. dxe5 dxe5 8.
Bc4 b5 9. Bb3 Nc5 10. Nd2 Be7 11. f3 O-O 12. a3 Nxb3 13. Nxb3 Be6 14. Bg5 Qb6+
15. Kh1 a5 16. Nd2 h6 17. Bh4 Rac8 18. Bf2 Qc7 19. Qc1 Nd7 20. Re1 Bg5 21. Be3
Bxe3 22. Rxe3 Qb6 23. Qe1 Ra8 24. Rd1 Rfd8 25. Nf1 Nc5 26. Ne2 Rxd1 27. Qxd1
Rd8 28. Qc1 b4 29. Neg3 Kh7 30. Nf5 g6 31. N5g3 Na4 32. axb4 axb4 33. Rd3 Rxd3
34. cxd3 Nc5 35. Qe3 Qa5 36. d4 exd4 37. Qxd4 Nb3 38. Qe3 c5 39. f4 Nd4 40. Qd3
Qa2 41. f5 Bc4 42. fxg6+ fxg6 43. Qd2 Qb1 44. Qf2 Kg7 45. h4 Bxf1 46. Nxf1 Qxe4
47. Ng3 Qxh4+ 48. Kg1 Qg4 49. Qe3 Qe6 50. Ne4 Nf5 51. Qf4 Qe7 52. g4 Nd4 53. g5
Ne2+ 0-1

[Event "OSREDNJA SLOVENSKA LIGA 2025"]
[Site "gostovanja"]
[Date "2025.11.20"]
[Round "9.6"]
[White "Srebrnic, Vojko"]
[Black "Mulec, Dejan"]
[Result "1/2-1/2"]
[WhiteElo "1964"]
[BlackElo "1724"]
[PlyCount "97"]
[EventDate "2025.09.18"]
[WhiteTeam "SK LJUBLJANA TAJFUN"]
[BlackTeam "SK LOSKA DOLINA"]

1. e4 c5 2. Nc3 Nc6 3. Bb5 Nd4 4. Bc4 e6 5. Nge2 a6 6. d3 b5 7. Bb3 g6 8. Nxd4
cxd4 9. Ne2 Bg7 10. O-O Ne7 11. f4 O-O 12. Ng3 Bb7 13. f5 exf5 14. exf5 Qb6 15.
Bg5 Qc6 16. Qd2 Nd5 17. Bxd5 Qxd5 18. f6 Bh8 19. Ne4 Rfe8 20. a4 Re6 21. axb5
Qxb5 22. Ra5 Qxb2 23. Nc5 Rd6 24. Qe2 Qb6 25. Nxb7 Qxb7 26. Re5 Re6 27. Rxe6
dxe6 28. Qe5 Qb5 29. Qxb5 axb5 30. Rb1 h6 31. Bxh6 Bxf6 32. Rxb5 Rc8 33. Rb2
Bg7 34. Bd2 Kf8 35. Kf2 Ke7 36. Ke2 Be5 37. h3 f5 38. Bg5+ Kd7 39. Kd1 Kc6 40.
Ra2 Bd6 41. Ra6+ Kd7 42. Ra7+ Bc7 43. Ra6 Rb8 44. Ra7 Rb1+ 45. Ke2 Kc6 46. Ra8
Rb8 47. Rxb8 Bxb8 48. Bf6 Kd5 49. c4+ 1/2-1/2

[Event "OSREDNJA SLOVENSKA LIGA 2025"]
[Site "gostovanja"]
[Date "2025.11.20"]
[Round "9.6"]
[White "Bavec, Vinko"]
[Black "Glavac, Leo"]
[Result "0-1"]
[WhiteElo "1725"]
[BlackElo "1974"]
[PlyCount "94"]
[EventDate "2025.09.18"]
[WhiteTeam "SK LOSKA DOLINA"]
[BlackTeam "SK LJUBLJANA TAJFUN"]

1. d4 d5 2. Nf3 Nf6 3. g3 h6 4. Bg2 Bf5 5. Nc3 e6 6. a3 Be7 7. O-O O-O 8. Ne5
c5 9. e3 Nc6 10. Nxc6 bxc6 11. dxc5 Bxc5 12. b4 Be7 13. Bb2 Qc7 14. Ne2 a5 15.
c3 Rfb8 16. Nd4 Bg6 17. Nb3 c5 18. Rc1 Qb6 19. Ba1 axb4 20. axb4 cxb4 21. c4
Rd8 22. Bxf6 Bxf6 23. cxd5 exd5 24. Bxd5 Ra3 25. Qf3 Bc3 26. Rcd1 Qf6 27. Qxf6
gxf6 28. e4 Kf8 29. f3 Rxd5 30. Rxd5 Rxb3 31. g4 Ra3 32. Rdd1 b3 33. Rb1 b2 34.
Kg2 Ke7 35. h3 Kd6 36. Kf2 Kc5 37. Ke2 Kc4 38. Rfd1 Ra4 39. Rd7 Ra1 40. Rdd1
Kb3 41. Kd3 Ra8 42. Ke2 Kc2 43. Ke3 Ra1 44. Rxb2+ Bxb2 45. Rd2+ Kc3 46. Rd3+
Kc4 47. Rd5 Rh1 0-1

[Event "OSREDNJA SLOVENSKA LIGA 2025"]
[Site "gostovanja"]
[Date "2025.11.20"]
[Round "9.6"]
[White "Jaksa, Ema"]
[Black "Soba, Franc"]
[Result "1-0"]
[WhiteElo "1825"]
[BlackElo "1511"]
[PlyCount "57"]
[EventDate "2025.09.18"]
[WhiteTeam "SK LJUBLJANA TAJFUN"]
[BlackTeam "SK LOSKA DOLINA"]

1. e4 c6 2. d4 d5 3. e5 c5 4. c3 Nc6 5. Be2 cxd4 6. cxd4 Qb6 7. Nc3 e6 8. Nf3
f6 9. O-O fxe5 10. dxe5 Nge7 11. Be3 Qc7 12. Nb5 Qb8 13. Nd6+ Kd7 14. Nf7 Rg8
15. N3g5 Ng6 16. Bg4 Ke8 17. f4 h6 18. Bh5 hxg5 19. Bxg6 gxf4 20. Nh6+ Kd8 21.
Nxg8 fxe3 22. Rxf8+ Kc7 23. Rc1 b5 24. Ne7 e2 25. Qxe2 Qb6+ 26. Kh1 Bb7 27.
Rxa8 Bxa8 28. Nxc6 Bxc6 29. Be8 1-0

[Event "OSREDNJA SLOVENSKA LIGA 2025"]
[Site "gostovanja"]
[Date "2025.11.20"]
[Round "9.7"]
[White "Novakovic, Julian"]
[Black "Babarovic, Fran"]
[Result "1-0"]
[WhiteElo "1950"]
[BlackElo "1901"]
[PlyCount "55"]
[EventDate "2025.09.18"]
[WhiteTeam "ZELENCI LPP"]
[BlackTeam "SK KOMENDA POGI"]

1. Nf3 d5 2. c4 c6 3. d4 Nf6 4. Nc3 e6 5. e3 Nbd7 6. Qc2 Be7 7. g4 dxc4 8. Bxc4
b5 9. Bb3 Bb7 10. e4 c5 11. g5 c4 12. gxf6 Nxf6 13. Rg1 cxb3 14. Qxb3 b4 15.
Rxg7 bxc3 16. Qxb7 cxb2 17. Qxb2 Rb8 18. Qc2 Bb4+ 19. Kf1 Bf8 20. Rg2 Qd7 21.
Bg5 Be7 22. Rc1 h6 23. Bf4 Rd8 24. Be5 Rg8 25. Bxf6 Qb5+ 26. Qc4 Qxc4+ 27. Rxc4
Rxg2 28. Bxe7 1-0

[Event "OSREDNJA SLOVENSKA LIGA 2025"]
[Site "gostovanja"]
[Date "2025.11.20"]
[Round "9.7"]
[White "Poglajen, Franc"]
[Black "Levacic, Matic"]
[Result "0-1"]
[WhiteElo "1828"]
[BlackElo "1875"]
[PlyCount "80"]
[EventDate "2025.09.18"]
[WhiteTeam "SK KOMENDA POGI"]
[BlackTeam "ZELENCI LPP"]

1. e4 e6 2. d4 d5 3. exd5 exd5 4. Bd3 Nf6 5. Bf4 Bd6 6. Ne2 O-O 7. O-O Bg4 8.
f3 Bh5 9. Qd2 Re8 10. Ng3 Bg6 11. Nf5 Bxf5 12. Bxf5 c5 13. Nc3 Nc6 14. Bxd6
Qxd6 15. Nb5 Qb8 16. dxc5 Qe5 17. Nd6 Red8 18. Rfe1 Qxb2 19. Rab1 Qxa2 20. Rxb7
Na5 21. Rbe7 Nc4 22. Qf4 Qa3 23. Nb7 Re8 24. Rxe8+ Rxe8 25. Rxe8+ Nxe8 26. c6
Qb4 27. Qc1 Qb6+ 28. Kh1 Qxc6 29. Qb1 Na3 30. Qb3 Nb5 31. Na5 Qf6 32. Qb1 Na3
33. Qe1 Nd6 34. Bd3 g6 35. h3 Nf5 36. Qb4 Qa1+ 37. Kh2 Qe5+ 38. Kh1 Ng3+ 39.
Kh2 Ne2+ 40. Kh1 Qa1+ 0-1

[Event "OSREDNJA SLOVENSKA LIGA 2025"]
[Site "gostovanja"]
[Date "2025.11.20"]
[Round "9.7"]
[White "Novakovic, Gosto"]
[Black "Hribar, Izak"]
[Result "1-0"]
[WhiteElo "1841"]
[BlackElo "1706"]
[PlyCount "50"]
[EventDate "2025.09.18"]
[WhiteTeam "ZELENCI LPP"]
[BlackTeam "SK KOMENDA POGI"]

1. e4 c5 2. f4 Nc6 3. Nf3 g6 4. Bc4 Bg7 5. O-O d6 6. c3 Nf6 7. e5 dxe5 8. fxe5
Nd5 9. d4 cxd4 10. cxd4 O-O 11. Nc3 Nb6 12. Bb3 Bg4 13. Be3 Qd7 14. h3 Bxf3 15.
Rxf3 Rad8 16. Ne2 Nd5 17. Bf2 Nc7 18. Qf1 e6 19. Rd1 Nb4 20. Bh4 Rc8 21. Ng3 h5
22. Ne4 Ne8 23. Nc5 Qc6 24. Be7 Qc7 25. Bxf8 Bxf8 1-0

[Event "OSREDNJA SLOVENSKA LIGA 2025"]
[Site "gostovanja"]
[Date "2025.11.20"]
[Round "9.7"]
[White "Zagar, Katarina"]
[Black "Ribicic, Marko"]
[Result "0-1"]
[WhiteElo "1542"]
[BlackElo "1831"]
[PlyCount "44"]
[EventDate "2025.09.18"]
[WhiteTeam "SK KOMENDA POGI"]
[BlackTeam "ZELENCI LPP"]

1. d4 d5 2. Nf3 e6 3. g3 Nf6 4. Bg2 Be7 5. O-O O-O 6. b3 Ne4 7. Bb2 f5 8. Ne5
Nd7 9. Nd3 Bf6 10. Nd2 Re8 11. Nf3 c5 12. Nde5 cxd4 13. Nxd7 Bxd7 14. Bxd4 e5
15. Bb2 d4 16. Re1 Qb6 17. e3 dxe3 18. fxe3 Rad8 19. Qe2 Bc6 20. Kh1 f4 21. g4
h6 22. h3 Ng3+ 0-1

[Event "OSREDNJA SLOVENSKA LIGA 2025"]
[Site "gostovanja"]
[Date "2025.11.20"]
[Round "9.8"]
[White "Veskovic, Dzemal"]
[Black "Smirnov, Maksim"]
[Result "0-1"]
[WhiteElo "1885"]
[BlackElo "2106"]
[PlyCount "92"]
[EventDate "2025.09.18"]
[WhiteTeam "SD MENGES - TRZIN"]
[BlackTeam "GIMNAZIJA KRANJ"]

1. e4 c6 2. Nc3 d5 3. exd5 cxd5 4. d4 Nc6 5. h3 Bf5 6. Nf3 Nf6 7. Bb5 e6 8. Ne5
Qb6 9. O-O Be7 10. a4 O-O 11. Bxc6 bxc6 12. a5 Qc7 13. Kh1 Rab8 14. Nd3 Bd6 15.
b3 Rbc8 16. Ba3 Nd7 17. Bxd6 Qxd6 18. Re1 c5 19. Ne5 cxd4 20. Nxd7 Qxd7 21.
Qxd4 Bxc2 22. Na4 Qc7 23. b4 Bxa4 24. Rxa4 a6 25. Raa1 Qb7 26. Rec1 h6 27. Rxc8
Rxc8 28. Rb1 Rc4 29. Qb6 Qxb6 30. axb6 Rc6 31. b7 Rb6 32. Ra1 Rxb7 33. Rxa6
Rxb4 34. Ra8+ Kh7 35. g3 Kg6 36. Kg2 d4 37. Rd8 e5 38. Kf3 f6 39. h4 h5 40. Rd7
Rb2 41. Rc7 Kf5 42. Rxg7 e4+ 43. Kg2 e3 44. Kf1 e2+ 45. Ke1 d3 46. Re7 Rb1+ 0-1

[Event "OSREDNJA SLOVENSKA LIGA 2025"]
[Site "gostovanja"]
[Date "2025.11.20"]
[Round "9.8"]
[White "Kocjancic, Luka"]
[Black "Sedlar, Tomo"]
[Result "1-0"]
[WhiteElo "1588"]
[BlackElo "1871"]
[PlyCount "85"]
[EventDate "2025.09.18"]
[WhiteTeam "GIMNAZIJA KRANJ"]
[BlackTeam "SD MENGES - TRZIN"]

1. d4 d5 2. c4 c6 3. Nc3 Nf6 4. Nf3 Bf5 5. Nh4 Bc8 6. Bf4 e6 7. e3 Bd6 8. Bxd6
Qxd6 9. c5 Qe7 10. f4 O-O 11. Nf3 Nfd7 12. Bd3 f6 13. Qc2 g6 14. O-O-O e5 15.
e4 exd4 16. Nxd4 Nxc5 17. exd5 Qe3+ 18. Kb1 Nxd3 19. Rxd3 Qxf4 20. Ne6 Bxe6 21.
dxe6 Na6 22. Qe2 Rae8 23. e7 Rf7 24. Rd8 Nc7 25. Rhd1 Qe5 26. Qxe5 fxe5 27.
R1d7 Kg7 28. Rxc7 Rexe7 29. Rxe7 Rxe7 30. Ne4 b6 31. Kc2 h6 32. Kd3 Kf7 33. Rd6
c5 34. Kc4 Re8 35. Kd5 Re7 36. Rf6+ Kg7 37. Re6 Rd7+ 38. Kxe5 Kf7 39. Nd6+ Kg7
40. Re8 g5 41. Ke6 Rc7 42. g4 Kg6 43. Re7 1-0